Thiruvarppu sanchara swathanthrya samaram/ (Record no. 169835)

000 -LEADER
fixed length control field 00245nam a22001097a 4500
082 ## - DEWEY DECIMAL CLASSIFICATION NUMBER
Classification number
Item number
100 ## - MAIN ENTRY--PERSONAL NAME
Personal name Anil Kumar K
245 ## - TITLE STATEMENT
Title Thiruvarppu sanchara swathanthrya samaram/
Statement of responsibility, etc. by Anil Kumar K.
260 ## - PUBLICATION, DISTRIBUTION, ETC.
Place of publication, distribution, etc.
Name of publisher, distributor, etc.
Date of publication, distribution, etc.
650 ## - SUBJECT ADDED ENTRY--TOPICAL TERM
Topical term or geographic name entry element
942 ## - ADDED ENTRY ELEMENTS (KOHA)
Koha item type Book
Holdings
Withdrawn status Lost status Damaged status Not for loan Permanent Location Current Location Shelving location Date acquired Cost, normal purchase price Total Checkouts Barcode Date last seen Price effective from Koha item type
        RC Thiruvananthapuram RC Thiruvananthapuram   28.11.2018 90.00   TV019281 28.11.2018 28.11.2018 Book